00697nam a22001697a 4500008004100000040005500041080002700096245005900123250001200182260004500194300001500239500018600254650002000440653002200460653001600482700002900498230313b |||||||| |||| 00| 0 eng d aNational Science LibrarycNational Science Library aD 026+002.6(71+72)bK3 aDirectory of special libraries and information centres a9th ed. aDetroit: bGale Research Company, c1985 aix, 836p.  aVol.1 (Part 1 A-N); ISBN: 0-8103-1888-1; xv, 899p. Vol.1 (Part 2 O-Z); ISBN: 0-8103-1888-1; xiii, 1735p. Vol.2 (Geographic and personnel indexes); ISBN: 0-8103-1889-X; ix, 876p.  aLibrary science aSpecial libraries aInformation10aDarnay, Brigitte T (Ed.)